00835cam a22002297a 4500003000500000005001700005008004100022010001000063011001000073035001000083040000900093100003600102245017500138260004100313300003300354502007700387650003200464650002900496650002500525650002000550650003500570CHAP20220329142555.0011214d2001 mx d r 00110 spa d a85144 a86116 a96654 cCHAP00aPérez Ayala, Edgar Francisco.10aAnálisis de la fertilización química nitrogenada en la eficiencia y rentabilidad del maíz "Oloton" de Totontepec, Mixe, Oaxacac/por Edgar Francisco Pérez Ayala aChapingo, Méx. :bEl autor,c2001. a109 h. :bgráfs. ; cuadros aTesis (Ing. Agr. Esp. en Fitotecnia) -- UACH. Departamento de Fitotecnia14aFertilizantes nitrogenados.14aMaízxFertilización.14aMaízxRendimiento.14aMaízzOaxaca.14aNitrógenoxEfecto en maíz.